| 000 | 00837nam a2200229 u 4500 | ||
|---|---|---|---|
| 005 | 20230607063657.0 | ||
| 008 | 170518s2014 r 000 0 eng d | ||
| 020 | _a9786077919919 | ||
| 035 | _aUPN01000217935 | ||
| 049 | _aCG | ||
| 050 | 4 |
_aHT384 M6 _bM6.3 |
|
| 100 | 1 |
_aMonterrubio, Anavel _940341 |
|
| 245 | 1 | 0 |
_aFactores y actores para la renovación urbana del hábitat popular en barrios céntricos de la Ciudad de México 1985-2006 / _cAnavel Monterrubio. |
| 260 |
_aMéxico : _bCESOP, _c2014. |
||
| 300 |
_a463 p. : _bcuadros, gráfs., il. |
||
| 650 | 4 |
_aUrbanización _zCiudad de México _917134 |
|
| 650 | 4 |
_aURBANIZACION - _zMEXICO - _xHISTORIA _924050 |
|
| 651 | 4 |
_aCiudad de México _xCondiciones económicas _921106 |
|
| 651 | 4 |
_aCentro Histórico de la Ciudad de México _912002 |
|
| 905 | _aLibro | ||
| 999 |
_c190035 _d190035 |
||